书目信息 |
| 题名: |
带一本书去巴黎
|
|
| 作者: | 林达 著 | |
| 分册: | ||
| 出版信息: | 北京 生活·读书·新知三联书店 2002.05 |
|
| 页数: | 287页 | |
| 开本: | 20cm | |
| 丛书名: | ||
| 单 册: | ||
| 中图分类: | I267 | |
| 科图分类: | ||
| 主题词: | 散文--中国 , 散文--作品综合集--中国 | |
| 电子资源: | ||
| ISBN: | 7-108-01707-5 | |
| 000 | 00596nam0 2200205 450 | |
| 001 | 2631153314 | |
| 005 | 20260414084112.52 | |
| 010 | @a7-108-01707-5@dCNY35.00 | |
| 100 | @a20260414d2002 km y0chiy0120 ea | |
| 101 | 0 | @achi |
| 102 | @aCN@b110000 | |
| 200 | 1 | @a带一本书去巴黎@ADai Yi Ben Shu Qu Ba Li@f林达著@FLin Da Zhu |
| 210 | @a北京@c生活·读书·新知三联书店@d2002.05 | |
| 215 | @a287页@d20cm | |
| 606 | 0 | @a散文@x中国 |
| 606 | 0 | @a散文@x作品综合集@x中国 |
| 690 | @aI267@v4 | |
| 701 | 0 | @a林达@ALin Da@4著 |
| 801 | 0 | @aCN@b大连网信软件有限公司图书馆·11@c20260414 |
| 905 | @aZUCC@dI267@e4920 | |
| 带一本书去巴黎/林达著.-北京:生活·读书·新知三联书店,2002.05 |
| 287页;20cm |
| ISBN 7-108-01707-5:CNY35.00 |
| ● |
| 相关链接 |
|
|
|
|
正题名:带一本书去巴黎
索取号:I267/4920
 
预约/预借
| 序号 | 登录号 | 条形码 | 馆藏地/架位号 | 状态 | 备注 |
| 1 | 1442638 | 214426389 | 第一样本阅览室/ [索取号:I267/4920] | 在馆 |